Нормален изглед
MARC изглед
- Александрова, Ана
Вход 01. Лично име
001 - Контролен номер на записа
- Контролно поле: 367825
003 - Код на организацията, даваща контролен номер
- Контролно поле: BLK
005 - Дата и час на последна промяна на записа
- Контролно поле: 20180422100949.0
008 - Данни с фиксирана дължина – обща информация
- Данни с фиксирана дължина : 180422|| aca||aabn | a|a d
100 ## - ИМЕ НА ЛИЦЕ -ПЪРВИЧНА ИНТЕЛЕКТУАЛНА ОТГОВОРНОСТ
- Лично име: Александрова, Ана
- Ключова дума за отношение: преразк.
- Друга информация: Антонова, Ана Александрова
942 ## - Системна служебна употреба
- Koha auth type: PERSO_NAME